Solar magnetic fields (Record no. 11419)

MARC details
000 -LEADER
fixed length control field 00847nam a2200217Ia 4500
003 - CONTROL NUMBER IDENTIFIER
control field IN-BaIIA
008 - FIXED-LENGTH DATA ELEMENTS--GENERAL INFORMATION
fixed length control field 211028s9999 xx 000 0 eng d
020 ## - INTERNATIONAL STANDARD BOOK NUMBER
International Standard Book Number 0-521-40119-7
040 ## - CATALOGING SOURCE
Transcribing agency IIA Library
080 ## - UNIVERSAL DECIMAL CLASSIFICATION NUMBER
Universal Decimal Classification number 523.98-337
Item number SCH
111 ## - MAIN ENTRY--MEETING NAME
Meeting name or jurisdiction name as entry element International Conference on Solar Magnetic Fields
Location of meeting Freiburg, Germany
Date of meeting or treaty signing 1993 June 29-July 2
9 (RLIN) 19664
245 #0 - TITLE STATEMENT
Title Solar magnetic fields
Remainder of title proceedings of the international Conference on Solar magnetic fields, held in Freiburg, Germany, June 29- July 2, 1993
Statement of responsibility, etc. edited by Wolfgang Schmidt and Manfred Schussler
260 ## - PUBLICATION, DISTRIBUTION, ETC.
Place of publication, distribution, etc. New York
Name of publisher, distributor, etc. Cambridge University Press
Date of publication, distribution, etc. 1994
300 ## - PHYSICAL DESCRIPTION
Extent [various pagings.]
650 ## - SUBJECT ADDED ENTRY--TOPICAL TERM
Topical term or geographic name entry element Magnetic fields
9 (RLIN) 530
650 ## - SUBJECT ADDED ENTRY--TOPICAL TERM
Topical term or geographic name entry element Solar activity
9 (RLIN) 1424
650 ## - SUBJECT ADDED ENTRY--TOPICAL TERM
Topical term or geographic name entry element Sunspots
700 ## - ADDED ENTRY--PERSONAL NAME
Personal name Schmidt, Wolfgang., ed.
9 (RLIN) 19665
700 ## - ADDED ENTRY--PERSONAL NAME
Personal name Schussler, Manfred., ed.
9 (RLIN) 19666
942 ## - ADDED ENTRY ELEMENTS (KOHA)
Koha item type Books
Holdings
Withdrawn status Lost status Damaged status Not for loan Home library Current library Shelving location Date acquired Total Checkouts Full call number Barcode Date last seen Price effective from Koha item type
        IIA Library-Bangalore IIA Library-Bangalore General Stacks 28/09/1995   523.98-337/ SCH 12334 05/11/2021 28/09/1995 Books

Powered by Koha